| 000 | 00611nam a2200181 i 4500 | ||
|---|---|---|---|
| 001 | 93615 | ||
| 003 | ES-MaACL | ||
| 005 | 20251012201809.0 | ||
| 007 | t| | ||
| 008 | 050415s1954 sp ||||1| cat d | ||
| 100 | 1 |
_aLópez Batllori, Narciso. _973448 |
|
| 245 | 1 | 0 |
_aConsideraciones sobre el Dret Públic en la doctrina de Jaume Balmes / _cNarciso López Batllori; presentació de D. Lluis Durán i Ventosa. |
| 260 |
_aBarcelona : _bBosch, _c1954. |
||
| 300 |
_a81 p. ; _c18 cm. |
||
| 700 | 1 |
_aDuran i Ventosa, Lluís, _d1870-1954 _946224 |
|
| 852 |
_aES-MaACL _j1968-F-9 _bR.36529 |
||
| 999 |
_c93615 _d93615 |
||